000 00863nam a22002897a 4500
003 CHAP
005 20220329133825.0
008 971013s1980 r 00010 d
010 _a11422
011 _a12394
035 _a15579
040 _cCHAP
090 _aFolleto 10609
110 _aMéxico. Subsecretaría Forestal y de la Fauna
_977260
245 _aOfficial hunting season 1980-81
260 _aCuernavaca, Mor. :
_bIndustrias Tecnos,
_c[1980?]
300 _a32 p.
_b; mapas
500 _aD87-14
590 _aBATCH-UPD
_b10
_c20130110
_lUCH01
_h2301
590 _aBATCH-UPD
_b10
_c20130410
_lUCH01
_h1553
590 _aBATCH-UPD
_b10
_c20130914
_lUCH01
_h0805
590 _aCONVERSION
_b10
_c20130109
_lUCH01
_h1308
650 1 4 _aCacería
_xLeyes.
_916981
901 _aBK
942 _cFOLL
949 _aFolleto 10609
_bBC
_cFOLL
_d-27787
_eTS1
_i15579
_si
999 _c11422
_d11422